| 000 | 00559nam a2200157 4500 | ||
|---|---|---|---|
| 008 | 231010b |||||||| |||| 00| 0 eng d | ||
| 082 |
_a362.5 _bIND |
||
| 110 | _aIndependent South Asian Commission on Poverty Alleviation | ||
| 245 |
_aReport of the Independent South Asian Commission on Poverty Alleviation : _b meeting the challenge. |
||
| 260 |
_aKathmandu : _bSAARC Secretariat, _c1992 |
||
| 300 | _axiv, 154 p. ; 25 cm. | ||
| 650 | _aPOVERTY- South Asia | ||
| 650 | _aSouth Asia -- Economic policy | ||
| 650 | _aSouth Asia -- Social policy | ||
| 942 | _cRP | ||
| 999 |
_c3828 _d3828 |
||